00934nam a22002657a 45000010005000000030006000050050017000110080041000280200018000690400029000870500015001160820008001311000031001392450080001702500041002502600031002913000061003225050007003835200159003905210018005495210018005676500035005856500018006207000030006386955FISKH20250611152835.0250611b cb ||||| |||| 00| 0 eng d a9780531070352 aFISKHbengcFISKHdFISKH aPZ7.J629 W a326 aJohnson, Angelad(1961–) aWhen I am old with you /cStory by Angela Johnson ; Pictures by David Soman aThis edition first published in 1990 aNew York :bOrchard,c1990 a28 unnumbered pages :bcolor illustrations ;c23 x 26 cm aJ  aA child imagines being old with Grandaddy and joining him in such activities as playing cards all day, visiting the ocean, and eating bacon on the porch. 8 a440 bLexile 8 aJ bRaz-Plus  2African AmericanaGrandparents 2Old ageaLove aSoman, Daviddillustrator